000 00421nam a2200181Ia 4500
001 10038
005 20260306161802.0
008 260306t1999||||xx |||||||||||||| ||spa||
041 _aESP
082 _aPE 869.569
_bC269
100 _aCoyné, André
_eAUT
245 0 _aMedio siglo con Vallejo
260 _c1999
300 _a728 páginas :
_c20 cm.
650 _aGEN
654 _aCHU
942 _cLIB
_dJUS
_fJUS
_2ddc
_n
999 _c10038
_d10038